000 00340nam a2200133Ia 4500
008 240624s9999 xx 000 0 und d
041 _aeng
082 _a616.852 BOY
100 _aBOYLE SHERIANNA
245 _aEMOTIONAL DETOX FOR ANXIETY 7 STEPS TO R
260 _c2019
_aNew York
_bAdams Media
300 _a239p. ;23cm.
365 _c
_b33
999 _c32614
_d32614